| 000 | 00596cam a2200205 4500 | ||
|---|---|---|---|
| 001 | M1617 | ||
| 008 | 090401t1994 xxu||||| |||| 00| 0 eng d | ||
| 035 | _a(Sirsi) u33342 | ||
| 041 | 0 | _aeng | |
| 050 | 0 | 4 | _a658.46025 $2 18 |
| 110 | 2 |
_aInstitute of Management Consultants _91569 |
|
| 245 | 0 | 0 |
_aConsulting 1994 _bthe official yearbook of the Institute of Management Consultants |
| 260 |
_aLondon _bCapital Publishing _c1994 |
||
| 300 |
_a320p. _bill. _c21cm. |
||
| 350 | _a35 | ||
| 651 | 4 |
_aUnited Kingdom _y |
|
| 690 | _aMANAGEMENT-MANAGEMENT CONSULTANCY | ||
| 942 | _n0 | ||
| 948 | _c04/03/1997 | ||
| 999 |
_c89793 _d89793 |
||